000 00457nam a2200133 4500
999 _c9137
_d9137
008 180411b ||||| |||| 00| 0 eng d
082 _aDPer 050 Dec 2015-Mar 2016 T48 v186-187
100 _927317
_aJohn, Tara.
245 _aThe countries where ISIS is growing in Africa/
_cTara John.
260 _aNew York:
_bTime Inc.,
_c©Dec 2015-Mar 2016.
300 _av187 n8, page 7:
_billustrations;
_c27 cm.
650 0 _927318
_aTerrorism.
942 _2ddc
_cPER